000 00648nam a22002417a 4500
003 UA-OsUOA
001 43908
007 ta
008 20070129b un ||||| |||| 00| 0 ukr d
100 _aПанченко В.
090 _a929.6(477)
_bП16
942 _cBK
040 _aUA-OsUOA
_bukr
_cUA-OsUOA
_dUA-OsUOA
245 _aМіські та містечкові герби України
300 _a204 с.
955 _a2
041 _aukr
080 _a929.6(477)
020 _a966-7551-21-0
260 _aК.
_bПросвіта
_c2000
650 7 _a9 Географія. Біографії. Історія
_2UDC
999 _c330026
_d330026